| 000 | 00887nam a22002177a 4500 | ||
|---|---|---|---|
| 999 |
_c20783 _d20783 |
||
| 003 | AR-CdUCM | ||
| 008 | 190605b ||||| |||| 00| 0 spa d | ||
| 040 |
_aMUNICIPALIDAD PROVINCIAL DEL CUSCO _cBIBLIOTECA MUNICIPAL DEL CUSCO |
||
| 082 |
_a376.3 _bP45 |
||
| 110 |
_aProgramas de educación primaria _943402 |
||
| 245 |
_aProgramas adaptados de educación primaria : _bPara transición primer año, segundo año, tercer año / |
||
| 260 |
_aLima : _bMinisterio de educación, _c1972. |
||
| 300 |
_a221 páginas ; _c26 cm. |
||
| 440 |
_aDirección regional de educación escolar y laboral _943403 |
||
| 505 | _aContenido : Programa adaptado de transición -- Programa adaptado de primer año -- Programa adaptado del segundo año... | ||
| 650 |
_aProgramación escolar _943404 |
||
| 650 |
_aTransición _922412 |
||
| 650 |
_aPrimer año _943405 |
||
| 942 |
_2ddc _cLIBROS |
||
| 945 | _arcc | ||